000 00466nam a2200157Ia 4500
008 230312s9999||||xx |||||||||||||| ||und||
020 _a0-07-048357-4
082 _a621.381
_bKHA-T
100 _aKhandpur,R.S
245 0 _aTrouble Shooting Electronic Equipment
260 _bTata McGraw Hill
_aIndia
_c2008
300 _a422
546 _aEng.
650 _aEngineering
_vReliability Aspects of Electronic Equipment,Fundamental Troubleshooting Procedur
942 _cBK
999 _c1752
_d1752